| 000 | 00529cam a2200169 4500 | ||
|---|---|---|---|
| 001 | ##L134150 | ||
| 008 | 060713n1939 000 0 eng u | ||
| 035 | _a(Sirsi) u134150 | ||
| 041 | 0 | _aeng | |
| 050 | 0 | 4 | _a333.0062 $2 18 |
| 110 | 2 |
_aRoyal Institution of Chartered Surveyors _94900 |
|
| 245 | 0 | 0 | _aMemorandum on the finances of the Institution |
| 260 |
_aLondon _bRICS _c1939 |
||
| 300 |
_a8p. _c22cm. |
||
| 690 | _aABOUT RICS-RICS STRUCTURE AND GOVERNANCE-RICS CORPORATE MANAGEMENT-RICS FINANCIAL MANAGEMENT | ||
| 942 | _n0 | ||
| 999 |
_c105567 _d105567 |
||